Responses for Show #7779 - Thursday, June 7, 2018

Contestants

[<< previous game]

Andy Mills, a math instructor from Iowa City, Iowa

Mirza Gluhic, a transcriber from Toronto, Ontario, Canada

Michelle Rosen, a Ph.D. candidate from Cambridge, Massachusetts (whose 1-day cash winnings total $18,401)

[next game >>]

Jeopardy! Round responses

PHOTOGRAPHY
IT'S HYPHENATED
AMERICAN DOGS
DECADES OF NO. 1-RATED TV SHOWS
ASIAN FOOD
I'LL HAVE SECONDS
    $200 16
sunlight

Mirza
    $200 11
a double-decker

Andy
    $200 21
a shepherd

Andy
    $200 26
(Michelle: Who is Drew Carey?)

Jerry Seinfeld

MichelleMirza
    $200 1
(Andy: What is egg foo young?)

moo shu

MichelleAndy
    $200 4
Exodus

Mirza
    $400 17
(Mirza: What is silver nitrate?)
...
(Alex: We were going for "this metal". Silver nitrate is not a metal.) [Alex does not give the correct response either here or later in the game.]

silver

Mirza
Triple Stumper
    $400 12
over-the-counter

Mirza
    $400 22
the Boston terrier

Michelle
    $400 27
I Love Lucy

Mirza
    $400 2
Vietnam

Andy
    $400 5
Venus

Michelle
    $600 18
the shutter

Michelle
    $600 13
a stick-in-the-mud

Andy
    $600 23
the American water spaniel

Triple Stumper
    $600 28
Al Michaels

Triple Stumper
    $600 3
miso soup

Mirza
    $600 8
turtledoves

Michelle
    $800 19
Life magazine

Mirza
    $1,000 14
(Andy: Don't know.)

Winston-Salem

Andy
    $800 24
a chinook

Mirza
    $800 29
The Beverly Hillbillies

Triple Stumper
    $800 6
pad thai

Michelle
    $800 9
helium

Andy
    $1000 20
stabilization

Mirza
    $1000 15
man-of-war

Mirza
    $1000 25
(Andy: What is a beagle?)

a foxhound

MirzaAndy
    $1000 30
Carroll O'Connor

Triple Stumper
    $1000 7
bulgogi

Michelle
    $1000 10
(Mirza: Who is Henry?)
(Andy: Who is Richard?)
(Michelle: Who is Edward?)

William

MichelleMirzaAndy
Triple Stumper

Scores at the first commercial break (after clue 15):

Michelle Mirza Andy
$2,000 $1,200 -$200

Scores at the end of the Jeopardy! Round:

Michelle Mirza Andy
$2,800 $5,200 -$1,000

Double Jeopardy! Round responses

PRINCE
(Alex: Today would've been his 60th birthday.)
I LAKE IT LIKE THAT
DICKENS BOOK BY CHARACTERS
THE CIVIL WAR
BRAND AWARENESS
"DISS"ING YOU
    $400 21
(Andy: What is purple?)

"Purple Rain"

MirzaAndy
    $400 6
Lake Erie

Mirza
    $400 11
A Christmas Carol

Mirza
    $400 16
Sherman

Mirza
    $400 26
(Alex: Less than a minute now.)

Vaseline

Mirza
    $400 1
to dissuade

Michelle
    $800 22
"When Doves Cry"

Mirza
    $800 7
Lake Victoria

Michelle
    $800 12
Great Expectations

Mirza
    $800 17
(Michelle: What is Manassas?)
...
(Alex: [*] is the name of the creek. Manassas is the name given to the battles by the Confederacy.)

Bull Run

MichelleMirza
    $800 27
IKEA

Mirza
    $800 2
a dissenter

Mirza
    $1200 23
(Mirza: What is "Little Deuce Coupe"?)

"Little Red Corvette"

Mirza
Triple Stumper
    $1200 8
Pontchartrain

Triple Stumper
    $1200 13
Oliver Twist

Triple Stumper
    $1200 18
Vicksburg

Michelle
    $1200 28
RE/MAX

Andy
    $1200 3
disseminate

Andy
    $1600 24
(Andy: What is "Walk Like An Egyptian"?)

"Manic Monday"

MirzaAndy
    $2,000 9
Lake Geneva

Michelle
    $1600 14
David Copperfield

Triple Stumper
    $1600 19
Richmond

Mirza
    $1600 30
Del Monte

Triple Stumper
    $1600 4
dissipation

Triple Stumper
    $2000 25
party like it's "1999"

Mirza
    $2000 10
Lake Tahoe

Mirza
    $2000 15
The Pickwick Papers

Mirza
    $2000 20
the Battle of the Wilderness

Triple Stumper
    $2,000 29
(Andy: What is Eddie Bauer?)

Banana Republic

Andy
    $2000 5
to dissemble

Mirza

Scores at the end of the Double Jeopardy! Round:

Michelle Mirza Andy
$6,400 $21,200 -$2,600
(lock game)

[wagering suggestions for these scores]

Final Jeopardy! Round responses

MEDIEVAL SCIENCE
MichelleWhat is Biology?
$6,399
MirzaWhat is ornithology?
$7,000
ornithology

Final scores:

Michelle Mirza Andy
$1 $28,200 -$2,600
2nd place: $2,000 New champion: $28,200 3rd place: $1,000

Game dynamics:

Coryat scores:

Michelle Mirza Andy
$6,000 $21,200 $400
11 R
(including 1 DD),
3 W
27 R,
3 W
7 R,
7 W
(including 2 DDs)

Combined Coryat: $27,600

[game clues] [game scores] [suggest correction]

Game tape date: 2018-02-13
The J! Archive is created by fans, for fans. Scraping, republication, monetization, and malicious use prohibited; this site may use cookies and collect identifying information. See terms. The Jeopardy! game show and all elements thereof, including but not limited to copyright and trademark thereto, are the property of Jeopardy Productions, Inc. and are protected under law. This website is not affiliated with, sponsored by, or operated by Jeopardy Productions, Inc. Join the discussion at JBoard.tv.